000 00793nam a2200265Ia 4500
003 OSt
005 20220926005903.0
006 a|||||r|||| 00| 0
007 ta
008 220923b |||||||| |||| 00| 0 eng d
020 _a8179930106
037 _cGeneral Book
040 _aRTL
_cRTL
_beng
041 _2eng
_aeng
082 _aXM:8:(G:55).2.P, P3
100 _aNarang K K And others
_9311278
245 0 _aCleaner is cheaper
_b Case studies of corporate environment
260 _a New Delhi
_bTERI India
_c2003
300 _axi, 184p
_ccm.
490 _aTata Energy Research Institution, Publication
650 _a Economics
650 _aCo-operative
942 _hXM:8:(G:55).2.P, P3
_cGB
_2CC
999 _c615615
_d615615